01231nab a22002657a 4500003000400000005001700004008004100021040000700062100002000069245011700089260007300206300001200279500002700291505022600318505008200544650001800626650002900644650002500673650002200698650001900720650001900739650003200758650002600790773014900816OSt20251215135141.0190429b xxu||||| |||| 00| 0 spa d cPJ aDaruich, Vanesa10aUna mirada crítica sobre el abordaje del rol de la víctima en el sistema penal argentino /cVanesa Daruich. cCiudad Autónoma de Buenos Aires :aThomson Reuters La Ley, b2025. ap. 5-25 aCita: AR/DOC/171/2025. aSumario: I. Introducción.— II. Prostitución y trata de personas.— III. La víctima.— IV. Normativa.— V. Normativa adjetiva.— VI. Constitución Nacional y Convenciones Internacionales.— VII. Conclusión. tSi te interesa el texto completo, solicitalo a koha@justierradelfuego.gov.ar  0aDERECHO PENAL 0aDERECHOS DE LA VÍCTIMA 0aVÍCTIMA DEL DELITO 0aTRATA DE PERSONAS 0aCONSENTIMIENTO 0aPROSTITUCIÓN 0aMINISTERIO PÚBLICO FISCAL 0aVIOLENCIA DE GÉNERO0 02658tRevista de derecho penal y criminología. Nº 2 - Marzo 2025dCiudad Autónoma de Buenos Aires : Thomson Reuters La Ley, 2017-x00347914